Julia Crèvecoeur; Los amantes de Palermo / (Record no. 111641)

MARC details
000 -LEADER
campo de control de longitud fija 00462nam a2200157 4500
001 - NÚMERO DE CONTROL
campo de control 111641
003 - IDENTIFICADOR DE NÚMERO DE CONTROL
campo de control ES-MaACL
007 - CAMPO FIJO DE DESCRIPCIÓN FÍSICA--INFORMACIÓN GENERAL
campo de control de longitud fija t|
008 - DATOS DE LONGITUD FIJA--INFORMACIÓN GENERAL
campo de control de longitud fija 061121s1973 sp r ||||1| spa d
100 1# - ENTRADA PRINCIPAL--NOMBRE DE PERSONA
Nombre de persona Nery, Gerard.
9 (RLIN) 85405
245 10 - MENCIÓN DEL TÍTULO
Título Julia Crèvecoeur; Los amantes de Palermo /
Mención de responsabilidad, etc. Gerard Nery; versión de J. L. B.
260 ## - PUBLICACIÓN, DISTRIBUCIÓN, ETC.
Lugar de publicación, distribución, etc. Barcelona :
Nombre del editor, distribuidor, etc. Luis de Caralt,
Fecha de publicación, distribución, etc. 1973.
300 ## - DESCRIPCIÓN FÍSICA
Extensión 411 p. ;
Dimensiones 20 cm.
700 1# - ENTRADA AGREGADA--NOMBRE PERSONAL
Nombre de persona J. L. B.
9 (RLIN) 65770
852 ## - LOCALIZACIÓN
Ubicación ES-MaACL
Número de control de estantería 87057
Sublocalización o colección R.C-54073
Holdings
Estatus retirado Estado de pérdida Estado de daño No para préstamo Biblioteca de origen Biblioteca actual Ubicación en estantería Fecha de adquisición Fuente de adquisición Total de préstamos Signatura topográfica completa Código de barras Visto por última vez Precio de reemplazo Tipo de ítem Koha
        Biblioteca del Ateneo de Madrid Biblioteca del Ateneo de Madrid Depósito 17/01/2008     87057 1116464 23/02/2023 23/02/2023 Libro impreso